02834nam a2200373 4500001000400000003000400004005001700008008004100025040000800066041001300074082001500087100003800102240002400140245008400164260004200248300001100290490002800301520155100329650002701880650002601907650002601933650001701959650001901976650003401995650002002029650001402049655001402063700004302077830003302120942001502153952013902168952014002307999001302447143OSt20250128102932.0250128b |||||||g |||| 00| j eng d bpor hengapor a823bC555p1 aChristie, Agatha,d1890-19769268 aPoirot investigates aPoirot investiga /cChristie, Agatha ; Tradução de A. B. Pinheiro de Lemos aSão PaulobCírculo do Livroc1987 a236 p.1 aDetetive Hercule Poirot aPrimeiro, houve o mistério da estrela de cinema e do diamante... depois veio o "suicídio" que foi assassinato... o mistério do apartamento absurdamente barato... uma morte suspeita em uma sala de armas trancada... um roubo de títulos de um milhão de dólares... a maldição do túmulo de um faraó... um roubo de joias no mar... o sequestro de um primeiro-ministro... o desaparecimento de um banqueiro... um telefonema de um homem moribundo... e, finalmente, o mistério do testamento desaparecido. O que liga esses casos fascinantes? Apenas os brilhantes poderes dedutivos de Hercule Poirot! Os contos são: 1. A aventura de 'The Western Star', 2. A tragédia de Marsdon Manor, 3. A aventura do apartamento barato, 4. O mistério de Hunter's Lodge, 5. O roubo do título de um milhão de dólares, 6. A aventura do túmulo egípcio, 7. O roubo de joias no Grand Metropolitan, 8. O primeiro-ministro sequestrado, 9. O desaparecimento do Sr. Davenheim, 10. A aventura do nobre italiano e 11. O caso do testamento desaparecido. Nota do bibliotecário nº 1: além dos onze acima, havia mais três incluídos na versão americana do mesmo título um ano depois: 12. A caixa de chocolate, 13. A dama velada e 14. A mina perdida. Nota do bibliotecário nº 2: esta é a entrada para a coleção de contos, 'Poirot investiga'. As entradas para cada uma das histórias estão localizadas em outro lugar no Goodreads. Todos os 14 podem ser encontrados pesquisando no Goodreads por: 'a Hercule Poirot Short Story'. 0aLiteratura Inglesa989 0aHistorias curtas 967 0aRomance Policial 911 0aSuspense910 0aMistério942 0aCrime e Investigação 913 0aClássicos977 0aFilme926 0aConto968 aA. B. Pinheiro de LemoseTradutor9109 aDetetive Hercule Poirot9271 2ddcn0cBK 00102ddc40708FICaBIBIBbBIBIBcLEd2011-12-29edoaçãol0o823 / C555pp2025-2363r2025-01-28 07:35:28tEx. 01w2025-01-28yBK 00102ddc40708FICaBIBIBbBIBIBcLEd2013-09-12edoaçãol0o823 / C555pp2025-14754r2025-01-28 07:35:28tEx. 02w2025-01-28yBK c143d143